00667nam a2200241 a 4500001001300000003000900013005001700022008004100039020000800080082001300088100002500101245001900126260003800145300000900183500003500192505001000227650002400237700002500261902000800286942000700294952010900301999001500410nice12345678IN_TiNIC20260116011407.0050524s1962 dela grp 000 0 urd  ac400a956bABD aAbdur, Rasheed Khaja aMaariful Asaar aDelhibNadwatul Musannifeenc1962 a166p aincludes index and biblioraphy2 aIndex aMiddle East-History1 aAbdur, Rasheed Khaja bSRS cBK 001040708StackRoom-aHMIbHMId2007-05-29g4.00l0o956 ABDp03756r2007-05-29v4.00w2005-05-24yBK c1136d1136